LEADER 04193nam 22006255 450 001 9911018642803321 005 20250728130309.0 010 $a9783031965982 024 7 $a10.1007/978-3-031-96598-2 035 $a(CKB)39767074400041 035 $a(DE-He213)978-3-031-96598-2 035 $a(EXLCZ)9939767074400041 100 $a20250728d2025 u| 0 101 0 $aeng 135 $aur||||||||||| 181 $ctxt$2rdacontent 182 $cc$2rdamedia 183 $acr$2rdacarrier 200 10$aDigitization of Built Heritage $eApproaches and Methods for Data Acquisition, Analysis, and Intervention /$fby Cristina Cantagallo, Valentino Sangiorgio, Humberto Varum, Francesco Fiorito, Fabio Fatiguso 205 $a1st ed. 2025. 210 1$aCham :$cSpringer Nature Switzerland :$cImprint: Springer,$d2025. 215 $a1 online resource (XV, 283 p. 150 illus., 114 illus. in color.) 225 1 $aDigital Innovations in Architecture, Engineering and Construction,$x2731-7277 311 08$a9783031965975 327 $aIntroduction -- Creating a Digital Identity Card of the Building Heritage: Data Collection, Digitalization, and Processing -- Knowledge of the Built Heritage -- Multi-Scale and Multi-Risk Analysis of Built Heritage -- Risk Mitigation Strategies: Conservation, Maintenance and Intervention -- Automation of the Risk Analysis for Built Heritage -- Conclusions. 330 $aThis book presents a comprehensive framework for applying digital technologies to heritage conservation. It begins by developing a knowledge path of cultural heritage buildings through methods such as 3D laser scanning, photogrammetry, and Heritage Building Information Modeling (HBIM), and then leverages this data for the assessment and management of both rapid- and slow-onset disasters. To this purpose, multi-scale vulnerability and risk-assessment methodologies, particularly concerning seismic and climate change hazards, are used to support the planning of risk-mitigation strategies to protect heritage buildings from sudden and long-term threats. Adopting a multidisciplinary and multi-scale perspective, the volume bridges the gap between architectural knowledge, structural analysis, and environmental risk management. It offers a practical and replicable model that integrates both traditional and innovative methods, aiming to preserve historical and cultural value while addressing contemporary conservation challenges. Furthermore, the proposed framework supports the creation of a centralized digital platform, empowering heritage professionals, policymakers, and communities to make informed decisions regarding mitigation strategies. By combining technological innovation with established methodologies, this book provides tools and resources for safeguarding heritage buildings for future generations. 410 0$aDigital Innovations in Architecture, Engineering and Construction,$x2731-7277 606 $aConstruction industry$xManagement 606 $aCultural property 606 $aArchaeology 606 $aBuilding information modeling 606 $aNatural disasters 606 $aConstruction Management 606 $aHeritage Management 606 $aBuilding Information Modeling 606 $aNatural Hazards 615 0$aConstruction industry$xManagement. 615 0$aCultural property. 615 0$aArchaeology. 615 0$aBuilding information modeling. 615 0$aNatural disasters. 615 14$aConstruction Management. 615 24$aHeritage Management. 615 24$aBuilding Information Modeling. 615 24$aNatural Hazards. 676 $a690.06 700 $aCantagallo$b Cristina$4aut$4http://id.loc.gov/vocabulary/relators/aut$01836448 702 $aSangiorgio$b Valentino$4aut$4http://id.loc.gov/vocabulary/relators/aut 702 $aVarum$b Humberto$4aut$4http://id.loc.gov/vocabulary/relators/aut 702 $aFiorito$b Francesco$4aut$4http://id.loc.gov/vocabulary/relators/aut 702 $aFatiguso$b Fabio$4aut$4http://id.loc.gov/vocabulary/relators/aut 906 $aBOOK 912 $a9911018642803321 996 $aDigitization of Built Heritage$94414568 997 $aUNINA